Combien de ville de l'Yonne (89) connais-tu ? - Statistiques

Statistiques générales
  • Ce quiz a été pris 37 fois
  • Le résultat moyen est 53 sur 423
Statistiques - réponses
Code postal Ville % Correct
89000 Auxerre
97%
89100 Sens
97%
89300 Joigny
84%
89021 Avallon
75%
89580 Migé
66%
89800 Chablis
59%
89700 Tonnerre
59%
89400 Migennes
56%
89470 Monéteau
53%
89500 Villeneuve-sur-Yonne
53%
89600 Saint-Florentin
50%
89100 Paron
47%
89140 Pont-sur-Yonne
44%
89130 Saint-Fargeau
44%
89380 Appoigny
41%
89450 Vézelay
41%
89130 Toucy
38%
89330 Saint-Julien-du-Sault
34%
89520 Saint-Sauveur-en-Puisaye
34%
89150 Saint-Valérien
34%
89600 Vergigny
34%
89113 Branches
31%
89360 Flogny-la-Chapelle
31%
89100 Gron
31%
89550 Héry
31%
89310 Nitry
31%
89000 Perrigny
31%
89630 Quarré-les-Tombes
31%
89530 Saint-Bris-le-Vineux
31%
89100 Saint-Clément
31%
89000 Saint-Georges-sur-Baulche
31%
89190 Villeneuve-l'Archevêque
31%
89220 Bléneau
28%
89210 Brienon-sur-Armançon
28%
89580 Coulanges-la-Vineuse
28%
89560 Courson-les-Carrières
28%
89290 Irancy
28%
89800 Villy
28%
89270 Arcy-sur-Cure
25%
89400 Bassou
25%
89500 Bussy-le-Repos
25%
89320 Cerisiers
25%
89290 Champs-sur-Yonne
25%
89120 Charny Orée de Puisaye
25%
89240 Diges
25%
89560 Druyes-les-Belles-Fontaines
25%
89130 Fontaines
25%
89250 Gurgy
25%
89144 Ligny-le-Châtel
25%
89660 Mailly-le-Château
25%
89420 Montréal
25%
89100 Nailly
25%
89240 Pourrain
25%
89390 Ravières
25%
89450 Saint-Père
25%
89350 Tannerre-en-Puisaye
25%
89290 Venoy
25%
89270 Vermenton
25%
89320 Arces-Dilo
22%
89400 Bonnard
22%
89350 Champignelles
22%
89210 Champlost
22%
89113 Charbuy
22%
89400 Charmoy
22%
89400 Cheny
22%
89240 Chevannes
22%
89460 Deux Rivières
22%
89500 Dixmont
22%
89240 Escamps
22%
89130 Mézilles
22%
89560 Ouanne
22%
89220 Rogny-les-Sept-Écluses
22%
89250 Seignelay
22%
89100 Soucy
22%
89510 Véron
22%
89340 Villeneuve-la-Guyard
22%
89290 Vincelles
22%
89460 Bazarnes
19%
89800 Beine
19%
89690 Chéroy
19%
89530 Chitry
19%
89480 Coulanges-sur-Yonne
19%
89420 Cussy-les-Forges
19%
89140 Cuy
19%
89510 Étigny
19%
89520 Fontenoy
19%
89580 Gy-l'Évêque
19%
89110 La Ferté-Loupière
19%
89170 Lavau
19%
89130 Leugny
19%
89240 Lindry
19%
89100 Malay-le-Grand
19%
89100 Malay-le-Petit
19%
89800 Maligny
19%
89110 Montholon
19%
89570 Neuvy-Sautour
19%
89310 Noyers
19%
89400 Ormoy
19%
89300 Paroy-sur-Tholon
19%
89260 Perceneige
19%
89100 Saint-Denis-lès-Sens
19%
89100 Saint-Martin-du-Tertre
19%
89710 Senan
19%
89260 Thorigny-sur-Oreuse
19%
89113 Valravillon
19%
89240 Villefargeau
19%
89130 Villiers-Saint-Benoît
19%
89290 Vincelottes
19%
89160 Ancy-le-Franc
16%
89500 Armeau
16%
89570 Beugnon
16%
89400 Bussy-en-Othe
16%
89770 Chailley
16%
89220 Champcevrais
16%
89250 Chemilly-sur-Yonne
16%
89600 Chéu
16%
89140 Courlon-sur-Yonne
16%
89150 Domats
16%
89290 Escolives-Sainte-Camille
16%
89113 Fleury-la-Vallée
16%
89600 Germigny
16%
89360 Jaulges
16%
89560 Lain
16%
89520 Lainsecq
16%
89100 Maillot
16%
89270 Mailly-la-Ville
16%
89250 Mont-Saint-Sulpice
16%
89520 Moutiers-en-Puisaye
16%
89390 Nuits
16%
89240 Parly
16%
89230 Pontigny
16%
89290 Quenne
16%
89230 Rouvray
16%
89630 Saint-Léger-Vauban
16%
89520 Saints-en-Puisaye
16%
89560 Sementron
16%
89430 Tanlay
16%
89520 Thury
16%
89570 Turny
16%
89144 Varennes
16%
89210 Venizy
16%
89140 Villethierry
16%
89290 Augy
13%
89700 Béru
13%
89150 Brannay
13%
89360 Butteaux
13%
89410 Cézy
13%
89300 Champlay
13%
89660 Châtel-Censoir
13%
89700 Collan
13%
89130 Dracy
13%
89480 Étais-la-Sauvin
13%
89140 Évry
13%
89800 Fleys
13%
89400 Laroche-Saint-Cydroine
13%
89520 Levis
13%
89160 Lézinnes
13%
89800 Lignorelles
13%
89440 L'Isle-sur-Serein
13%
89300 Looze
13%
89270 Lucy-sur-Cure
13%
89660 Merry-sur-Yonne
13%
89230 Montigny-la-Resle
13%
89130 Moulins-sur-Ouanne
13%
89360 Percey
13%
89110 Poilly-sur-Tholon
13%
89170 Ronchères
13%
89520 Sainpuits
13%
89440 Sainte-Colombe
13%
89170 Saint-Martin-des-Champs
13%
89330 Saint-Martin-d'Ordon
13%
89200 Sauvigny-le-Bois
13%
89150 Savigny-sur-Clairis
13%
89570 Sormery
13%
89570 Soumaintrain
13%
89580 Val-de-Mercy
13%
89230 Venouse
13%
89300 Villecien
13%
89480 Andryes
9%
89310 Annay-sur-Serein
9%
89250 Beaumont
9%
89630 Beauvilliers
9%
89210 Bellechaume
9%
89770 Bœurs-en-Othe
9%
89630 Bussières
9%
89340 Champigny
9%
89300 Chamvres
9%
89580 Charentenay
9%
89630 Chastellux-sur-Cure
9%
89580 Coulangeron
9%
89480 Crain
9%
89150 Dollot
9%
89400 Épineau-les-Voves
9%
89190 Foissy-sur-Vanne
9%
89440 Joux-la-Ville
9%
89150 Jouy
9%
89290 Jussy
9%
89570 Lasson
9%
89110 Le Val d'Ocre
9%
89800 Lichères-près-Aigremont
9%
89140 Lixy
9%
89144 Méré
9%
89110 Merry-la-Vallée
9%
89560 Merry-Sec
9%
89140 Michery
9%
89310 Poilly-sur-Serein
9%
89800 Saint-Cyr-les-Colons
9%
89220 Saint-Privé
9%
89140 Sergines
9%
89200 Sermizelles
9%
89110 Sommecaise
9%
89420 Talcy
9%
89520 Treigny-Perreuse-Sainte-Colombe
9%
89700 Tronchoy
9%
89580 Vallan
9%
89340 Villeblevin
9%
89320 Villechétive
9%
89140 Villenavotte
9%
89150 Villeneuve-la-Dondagre
9%
89350 Villeneuve-les-Genêts
9%
89700 Yrouerre
9%
89800 Aigremont
6%
89390 Aisy-sur-Armançon
6%
89160 Ancy-le-Libre
6%
89440 Angely
6%
89200 Annéot
6%
89440 Annoux
6%
89160 Argentenay
6%
89160 Argenteuil-sur-Armançon
6%
89450 Asquins
6%
89440 Athie
6%
89240 Beauvoir
6%
89410 Béon
6%
89440 Blacy
6%
89230 Bleigny-le-Carreau
6%
89660 Bois-d'Arcy
6%
89320 Cérilly
6%
89310 Châtel-Gérard
6%
89500 Chaumot
6%
89800 Chichée
6%
89400 Chichery
6%
89190 Courgenay
6%
89800 Courgis
6%
89150 Courtoin
6%
89740 Cruzy-le-Châtel
6%
89116 Cudot
6%
89700 Dannemoine
6%
89440 Dissangis
6%
89450 Domecy-sur-Cure
6%
89360 Dyé
6%
89240 Égleny
6%
89500 Égriselles-le-Bocage
6%
89700 Épineuil
6%
89480 Festigny
6%
89100 Fontaine-la-Gaillarde
6%
89660 Fontenay-sous-Fouronnes
6%
89150 Fouchères
6%
89560 Fouronnes
6%
89740 Gland
6%
89250 Hauterive
6%
89150 La Belliole
6%
89560 Les Hauts de Forterre
6%
89110 Les Ormes
6%
89320 Les Vallées de la Vanne
6%
89200 Magny
6%
89500 Marsangy
6%
89660 Montillot
6%
89560 Mouffy
6%
89320 Noé
6%
89210 Paroy-en-Othe
6%
89510 Passy
6%
89450 Pierre-Perthuis
6%
89330 Piffonds
6%
89190 Pont-sur-Vanne
6%
89440 Précy-le-Sec
6%
89116 Précy-sur-Vrin
6%
89800 Préhy
6%
89740 Quincerot
6%
89700 Roffey
6%
89500 Rousson
6%
89340 Saint-Agnan
6%
89420 Saint-André-en-Terre-Plaine
6%
89300 Saint-Aubin-sur-Yonne
6%
89630 Saint-Germain-des-Champs
6%
89330 Saint-Loup-d'Ordon
6%
89190 Saint-Maurice-aux-Riches-Hommes
6%
89110 Saint-Maurice-le-Vieil
6%
89110 Saint-Maurice-Thizouaille
6%
89270 Saint-Moré
6%
89100 Saligny
6%
89420 Savigny-en-Terre-Plaine
6%
89116 Sépeaux-Saint Romain
6%
89700 Serrigny
6%
89520 Sougères-en-Puisaye
6%
89420 Thizy
6%
89200 Thory
6%
89700 Tissey
6%
89150 Vallery
6%
89320 Vaudeurs
6%
89200 Vault-de-Lugny
6%
89320 Vaumort
6%
89150 Vernoy
6%
89700 Vézinnes
6%
89330 Villevallier
6%
89360 Villiers-Vineux
6%
89740 Arthonnay
3%
89660 Asnières-sous-Bois
3%
89430 Baon
3%
89360 Bernouil
3%
89270 Bessy-sur-Cure
3%
89420 Bierry-les-Belles-Fontaines
3%
89400 Brion
3%
89660 Brosses
3%
89360 Carisey
3%
89310 Censy
3%
89110 Chassy
3%
89340 Chaumont
3%
89800 Chemilly-sur-Serein
3%
89700 Cheney
3%
89140 Compigny
3%
89500 Cornant
3%
89320 Coulours
3%
89100 Courtois-sur-Yonne
3%
89440 Coutarnoux
3%
89390 Cry
3%
89200 Domecy-sur-le-Vault
3%
89210 Esnon
3%
89200 Étaule
3%
89310 Étivey
3%
89450 Foissy-lès-Vézelay
3%
89800 Fontenay-près-Chablis
3%
89450 Fontenay-près-Vézelay
3%
89320 Fournaudin
3%
89310 Fresnes
3%
89160 Fulvy
3%
89200 Girolles
3%
89140 Gisy-les-Nobles
3%
89200 Givry
3%
89420 Guillon-Terre-Plaine
3%
89310 Jouancy
3%
89260 La Chapelle-sur-Oreuse
3%
89800 La Chapelle-Vaupelteigne
3%
89130 Lalande
3%
89190 Les Clérimois
3%
89190 Les Sièges
3%
89200 Lucy-le-Bois
3%
89480 Lucy-sur-Yonne
3%
89420 Marmeaux
3%
89440 Massangis
3%
89430 Mélisey
3%
89210 Mercy
3%
89310 Môlay
3%
89700 Molosmes
3%
89150 Montacher-Villegardin
3%
89310 Moulins-en-Tonnerrois
3%
89140 Pailly
3%
89390 Perrigny-sur-Armançon
3%
89740 Pimelles
3%
89420 Pisy
3%
89460 Prégilbert
3%
89200 Provency
3%
89100 Rosoy
3%
89420 Sainte-Magnance
3%
89460 Sainte-Pallaye
3%
89310 Sainte-Vertu
3%
89140 Saint-Sérotin
3%
89160 Sambourg
3%
89420 Santigny
3%
89310 Sarry
3%
89270 Sery
3%
89450 Tharoiseau
3%
89430 Thorey
3%
89460 Trucy-sur-Yonne
3%
89330 Verlin
3%
89150 Villebougis
3%
89140 Villemanoche
3%
89230 Villeneuve-Saint-Salves
3%
89100 Villeroy
3%
89140 Vinneuf
3%
89700 Viviers
3%
89270 Voutenay-sur-Cure
3%
89200 Annay-la-Côte
0%
89190 Bagneaux
0%
89200 Blannay
0%
89660 Chamoux
0%
89160 Chassignelles
0%
89100 Collemiers
0%
89190 Flacy
0%
89160 Gigny
0%
89310 Grimault
0%
89200 Island
0%
89160 Jully
0%
89700 Junay
0%
89116 La Celle-Saint-Cyr
0%
89190 Lailly
0%
89260 La Postolle
0%
89500 Les Bordes
0%
89660 Lichères-sur-Yonne
0%
89450 Menades
0%
89190 Molinons
0%
89160 Pacy-sur-Armançon
0%
89310 Pasilly
0%
89140 Plessis-Saint-Jean
0%
89200 Pontaubert
0%
89430 Rugny
0%
89630 Saint-Brancher
0%
89700 Saint-Martin-sur-Armançon
0%
89420 Sauvigny-le-Beuréal
0%
89160 Sennevoy-le-Bas
0%
89160 Sennevoy-le-Haut
0%
89140 Serbonnes
0%
89160 Stigny
0%
89100 Subligny
0%
89200 Tharot
0%
89430 Trichey
0%
89420 Vassy-sous-Pisy
0%
89700 Vézannes
0%
89140 Villeperrot
0%
89160 Villiers-les-Hauts
0%
89320 Villiers-Louis
0%
89740 Villon
0%
89160 Vireaux
0%
89260 Voisines
0%
Aucun quiz correspondant
Distribution des résultats
% des personnes avec chaque résultat
Percentile par nombre de réponses
Votre historique - résultats
Vous n’avez pas pris ce quiz